Online
Catalog

Por los rincones : (Record no. 23927)

MARC details
000 -CABECERA
campo de control de longitud fija 01860nam a2200301 a 4500
001 - NÚMERO DE CONTROL
campo de control 000024434
005 - FECHA Y HORA DE LA ÚLTIMA TRANSACCIÓN
campo de control 20250311111645.0
008 - DATOS DE LONGITUD FIJA--INFORMACIÓN GENERAL
campo de control de longitud fija 110127s2002 mx r 000 | spa d
020 ## - NÚMERO INTERNACIONAL ESTÁNDAR DEL LIBRO
Número Internacional Estándar del Libro 9686755322
040 ## - FUENTE DE LA CATALOGACIÓN
Centro catalogador/agencia de origen DO-SdBNP
Lengua de catalogación spa
Centro/agencia transcriptor BNPHU
082 ## - NÚMERO DE LA CLASIFICACIÓN DECIMAL DEWEY
Número de clasificación 300.72
Número de documento/Ítem R579a
049 ## - FONDOS LOCALES (OCLC)
Fondos de biblioteca BNGR
245 03 - MENCIÓN DE TÍTULO
Título Por los rincones :
Resto del título antología de métodos cualitativos en la investigación social /
Mención de responsabilidad, etc. compilados por Catalina A. Denman, Jesús Armando Haro; edición de Inés Martínez de Castro N.
260 ## - PUBLICACIÓN, DISTRIBUCIÓN, ETC.
Lugar de publicación, distribución, etc. Hermosillo, México :
Nombre del editor, distribuidor, etc. El Colegio de Sonora,
Fecha de publicación, distribución, etc. 2002.
300 ## - DESCRIPCIÓN FÍSICA
Extensión 362 p. ;
Dimensiones 22 cm.
490 1# - MENCIÓN DE SERIE
Mención de serie El Colegio de Sonora
500 ## - NOTA GENERAL
Nota general Incluye referencias bibliográficas
505 0# - NOTA DE CONTENIDO CON FORMATO
Título Introducción: trayectoria y desvaríos de los métodos cualitativos en la investigación social /
Mención de responsabilidad Catalina A. Denman y Jesús Armando Haro
Título El rigor en la investigación de la salud: hacia un desarrollo conceptual /
Mención de responsabilidad John W. Ratcliffe y Amalia González -Del-Valle
Título Paradigma en competencia en la investigación cualitativa /
Mención de responsabilidad Egon G. Guba e Yvonna S. Lincoln
Título Un punto de vista interpretativo /
Mención de responsabilidad Norman K. Denzin
Título El paradigma etnográfico /
Mención de responsabilidad Peggy Reeves Sandy
Título La danza del diseño de investigación cualitativa: metáfora, metodolatría y significado /
Mención de responsabilidad Valerie J. Janesick
Título Métodos para el manejo y el análisis de datos /
Mención de responsabilidad A. Michael Huberman y Matthew B. Miles
Nota de contenido con formato Bibliografía sobre investigación cualitativa
650 #4 - PUNTO DE ACCESO ADICIONAL DE MATERIA--TÉRMINO DE MATERIA
Término de materia o nombre geográfico como elemento de entrada Investigación social
9 (RLIN) 14499
650 #0 - PUNTO DE ACCESO ADICIONAL DE MATERIA--TÉRMINO DE MATERIA
Término de materia o nombre geográfico como elemento de entrada Ciencias sociales --
Subdivisión general Metodología
9 (RLIN) 7482
650 #4 - PUNTO DE ACCESO ADICIONAL DE MATERIA--TÉRMINO DE MATERIA
Término de materia o nombre geográfico como elemento de entrada Ciencias sociales
Subdivisión general Investigaciones
9 (RLIN) 2113
650 #4 - PUNTO DE ACCESO ADICIONAL DE MATERIA--TÉRMINO DE MATERIA
Término de materia o nombre geográfico como elemento de entrada Investigación cualitativa
9 (RLIN) 50089
700 1# - PUNTO DE ACCESO ADICIONAL--NOMBRE DE PERSONA
Nombre de persona Catalina A. Denman
Término indicativo de función/relación comp.
9 (RLIN) 50090
700 1# - PUNTO DE ACCESO ADICIONAL--NOMBRE DE PERSONA
Nombre de persona Jesús Armando Haro
Término indicativo de función/relación comp.
9 (RLIN) 50091
700 1# - PUNTO DE ACCESO ADICIONAL--NOMBRE DE PERSONA
Nombre de persona Martínez de Castro N., Inés
Término indicativo de función/relación ed.
9 (RLIN) 50092
710 2# - PUNTO DE ACCESO ADICIONAL--NOMBRE DE ENTIDAD CORPORATIVA
Nombre de entidad corporativa o nombre de jurisdicción como elemento de entrada Universidad de Guadalajara
9 (RLIN) 50093
830 #3 - PUNTO DE ACCESO ADICIONAL DE SERIE-TÍTULO UNIFORME
Título uniforme El Colegio de Sonora
9 (RLIN) 50094
Holdings
Estado de retiro Estado de pérdida Restricciones de uso No para préstamo Código de colección Localización permanente Ubicación/localización actual Ubicación en estantería Fecha de adquisición Número de inventario Total de préstamos Signatura topográfica completa Código de barras Fecha visto por última vez Precio válido a partir de Tipo de ítem Koha
        Monografías: Libros y Folletos General General En catalogación 27.01.2011 LF1   300.72 R579a 24434-10 25.06.2020 25.06.2020 Préstamo en sala

Powered by Koha